Can You Name All of the Worlds operating Coasters by Arrow Dynamics? - Statistics

General Stats
  • This quiz has been taken 47 times
  • The average score is 27 of 65
Answer Stats
Hint Answer % Correct
1976 Corkscrew
89%
1980 Corkscrew
89%
1990 Corkscrew
89%
1979 Corkscrew
89%
1980 Corkscrew
89%
1983 Corkscrew
89%
2012 Corkscrew
89%
1986 Corkscrew
89%
2002 X2
77%
1990 Viper
71%
1982 Viper
71%
1993 Bat
69%
1978 Loch Ness Monster
69%
1988 Ninja
69%
1991 Anaconda
63%
1991 Vortex
63%
1982 Vortex
63%
1987 Iron Dragon
57%
1989 Magnum Xl 200
57%
1976 Demon
54%
1976 Demon
54%
1969 Cedar Creek Mine Ride
51%
1980 Carolina Cyclone
49%
1981 Dragon Fyre
49%
1978 Gemini
43%
1959 Matterhorn Bobsleds
43%
1969 Mini Mine Train
43%
1966 Runaway Mine Train
43%
1974 Runaway Mine Train
43%
1999 Tennessee Tornado
43%
1994 Big One
40%
1971 Gold Rusher
40%
1991 Adventure Express
37%
1993 Canyon Blaster
37%
2003 Canyon Blaster
37%
1973 Carolina Goldrusher
37%
1984 Steamin Demon
37%
1994 Desperado
34%
1983 Dragon Mountain
34%
1974 Trailblazer
34%
1993 Thunderation
31%
1967 Dahlonega Mine Train
26%
1993 Diamond Back
26%
1999 Mad Mouse
26%
1999 Mad Mouse
26%
1979 Revolution
26%
1995 Sidewinder
26%
1989 Excalibur
23%
2001 Psycho Mouse
23%
1971 River King Mine Train
23%
1990 Vampire
23%
1997 Wild Thing
23%
2002 Big Bad John
17%
1991 Phantom’s Revenge
14%
1997 Road Runner Express
14%
2001 Gold Coaster
11%
1977 Steeplechase
11%
1967 Marche Du Mille Pattes
9%
1995 Diablo
6%
1993 Fantasia Special
3%
1988 Rolling X Train
3%
1988 Yagiyama Cyclone
3%
2014 Zimerman
3%
1987 Halilntar
0%
2000 Montana Rusa
0%
No matching quizzes found
Score Distribution
Percent of People with Each Score
Percentile by Number Answered
Your Score History
You have not taken this quiz